000 00508nam a22002177a 4500
003 UA-OsUOA
001 106277
007 ta
008 20140512b un ||||| |||| 00| 0 ukr d
100 _aШпак В.
090 _a32
_bШ83
942 _cSA
040 _aUA-OsUOA
_bukr
_cUA-OsUOA
_dUA-OsUOA
245 _aБандера і бандерівці: міфи і реалії
300 _aС.8
955 _a0
041 _aukr
080 _a32
773 0 _w106276
650 7 _a32 Політика
_2UDC
999 _c392489
_d392489